LEADER 03832njm a2200565 a 4500
001 001099132
003 CZ BrMZK
005 20160830111107.0
007 sd fsngnnmmned
008 100527p20101973xr syn g e zxx d
024 3 |a 099925402525 
028 0 1 |a SU 4025-2  |b Supraphon 
040 |a BOA001  |b cze 
041 0 |d zxx  |d lat  |g eng  |g ger  |g fre  |g cze 
048 |a oa01 
072 7 |a 785  |x Instrumentální hudba. Symfonická hudba. Hudba pro více nástrojů  |2 Konspekt  |9 9 
080 |a 78.082.1  |2 MRF 
080 |a (086.76)  |2 MRF 
100 1 |a Dvořák, Antonín,  |d 1841-1904  |7 jn19981000826  |4 cmp 
245 1 0 |a In America  |h [zvukový záznam] /  |c Dvořák 
260 |a Prague :  |b Supraphon,  |c p2010 
300 |a 3 zvukové desky (62:29 ; 78:16 ; 79:17) :  |b digital, stereo ;  |c 12 cm 
306 |a 010229  |a 011816  |a 011917 
500 |a Kompaktní desky (AAD/DDD) 
500 |a Dolprovodný text v pouzdře anglicky, německy, francouzsky a česky 
500 |a Původní fonogramy p1973 -2006 Supraphon, p1983 Panton (CD 3 3) 
505 0 |a Symfonie č. 9 e moll "Z Nového světa" op. 95 (41:44) -- Te Deum pro sóla, sbor a orchestr op. 103 (20:34) -- Smyčcový kvartet č. 12 F dur "Americký" op. 96 (25:57) -- Sonatina G dur pro housle a klavír op. 100 (19:06) -- Smyčcový kvintet č. 3 Es dur pro dvoje housle, dvě violy a violoncello op. 97 (32:53) -- Klid pro housle a orchestr op. 68/5 (5:53) -- Rondo g moll pro violoncello a orchestr op. 94 (7:04) -- Humoreska op. 101 č. 7 (3:27) -- Suita A dur pro orchestr op. 98b (22:37) -- Koncert č. 2 h moll pro violoncello a orchestr op. 104 (39:41) 
511 0 |a Gabriela Beňačková, soprán ; Jaroslav Souček baryton ; Česká filharmonie, dirigent Jiří Bělohlávek (CD1 1-4), Václav Neumann (CD2 5-8) a další 
518 |a Nahráno v pražském Rudolfinu v září 1989 (CD 1 1-4) a v dubnu 1982 (CD 1 5-8), v listopadu 1982 (CD 2 1-4), v říjnu 1976 (CD 3 1, 2) v březnu 1983 (CD 3 3) v řínu 1975 a únoru 1976 (CD 3 9-11), v sále Bohuslava Martinů v Lichtenštejnském paláci v dubnu 1995 (CD 2 5-8), ve studiu Domovina v černu 1973 (CD 2 9-12) a v březnu 2006 (CD 3 4-8) 
650 0 7 |a symfonie  |7 ph126358  |2 czenas 
655 7 |a kompaktní desky  |7 fd201991  |2 czenas 
740 0 2 |a Dvořák in America 
700 1 |a Beňačková-Čápová, Gabriela,  |d 1947-  |7 jn99240000074  |4 sng 
700 1 |a Souček, Jaroslav,  |d 1935-2006  |7 jn20000710573  |4 sng 
700 1 |a Neumann, Václav,  |d 1920-1995  |7 jn19990209586  |4 cnd 
700 1 |a Bělohlávek, Jiří,  |d 1946-2017  |7 jn19990201024  |4 cnd 
700 1 2 |a Dvořák, Antonín,  |d 1841-1904.  |t Symfonie,  |n č. 9, op. 95,  |r e moll  |7 aun2006372796 
700 1 2 |a Dvořák, Antonín,  |d 1841-1904.  |t Te Deum,  |n B. 176,  |r G dur  |7 aun2008478033 
700 1 2 |a Dvořák, Antonín,  |d 1841-1904.  |t Kvartety,  |m housle (2), viola, violoncello,  |n B. 179,  |r F dur  |7 aun2006372776 
700 1 2 |a Dvořák, Antonín,  |d 1841-1904.  |t Sonatina,  |m housle, klavír,  |n op. 100,  |r G dur  |7 aun2007386625 
700 1 2 |a Dvořák, Antonín,  |d 1841-1904.  |t Kvintety,  |m housle (2), violy (2), violoncello,  |n op. 97,  |r Es dur  |7 aun2008468233 
700 1 2 |a Dvořák, Antonín,  |d 1841-1904.  |t Ze Šumavy.  |p Klid  |7 aun2009494746 
700 1 2 |a Dvořák, Antonín,  |d 1841-1904.  |t Ronda,  |m violoncello, klavír,  |n op. 94,  |r g moll;  |o aranžmá  |7 aun2009494747 
700 1 2 |a Dvořák, Antonín,  |d 1841-1904.  |t Humoresky,  |m klavír,  |n op. 101.  |n Č. 7;  |o aranžmá  |7 aun2006372769 
700 1 2 |a Dvořák, Antonín,  |d 1841-1904.  |t Suity,  |m klavír,  |n op. 98,  |r A dur;  |o aranžmá  |7 aun2007387554 
700 1 2 |a Dvořák, Antonín,  |d 1841-1904.  |t Koncerty,  |m violoncello, orchestr,  |n op. 104,  |r h moll  |7 aun2006372774 
910 |a BOA001  |b CDR-1236.748 
990 |a AV 
991 |b 201006 
996 6 |b 2610440178  |c CDR-1236.748  |l MZK  |r Sklad / do 24 hodin  |n 0  |p p.v.  |w 001126684  |u 000010  |a 1  |e BOA001  |j MZK50  |s P